<?xml version="1.0" encoding="UTF-8"?>
<record
    xmlns:xsi="http://www.w3.org/2001/XMLSchema-instance"
    xsi:schemaLocation="http://www.loc.gov/MARC21/slim http://www.loc.gov/standards/marcxml/schema/MARC21slim.xsd"
    xmlns="http://www.loc.gov/MARC21/slim">

  <leader>01575nam a2200193 a 4500</leader>
  <controlfield tag="008">171102e2016    ag ||||| |||| 00| j spa d</controlfield>
  <datafield tag="041" ind1=" " ind2=" ">
    <subfield code="a">spa</subfield>
  </datafield>
  <datafield tag="092" ind1=" " ind2=" ">
    <subfield code="c">863</subfield>
    <subfield code="l">49</subfield>
    <subfield code="s">LOP</subfield>
  </datafield>
  <datafield tag="100" ind1="1" ind2=" ">
    <subfield code="a">L&#xF3;pez, Agostina Luz</subfield>
    <subfield code="9">2989</subfield>
  </datafield>
  <datafield tag="245" ind1=" " ind2=" ">
    <subfield code="a">Weiwei /</subfield>
    <subfield code="c">Agostina Luz L&#xF3;pez</subfield>
  </datafield>
  <datafield tag="250" ind1=" " ind2=" ">
    <subfield code="a">1a ed.</subfield>
  </datafield>
  <datafield tag="260" ind1=" " ind2=" ">
    <subfield code="a">Buenos Aires:</subfield>
    <subfield code="b">Notanp&#xFC;an;</subfield>
    <subfield code="c">2016.</subfield>
  </datafield>
  <datafield tag="300" ind1=" " ind2=" ">
    <subfield code="a">128 p.</subfield>
  </datafield>
  <datafield tag="500" ind1=" " ind2=" ">
    <subfield code="a">L&#xF3;pez, A. L. (2016). Weiwei. (1a ed.). Buenos Aires : Notap&#xFC;an.</subfield>
  </datafield>
  <datafield tag="505" ind1=" " ind2=" ">
    <subfield code="a">Weiwei es una novela taiwanesa. Y, como toda novela taiwanesa, habla sobre la mirada y los ritos de iniciaci&#xF3;n. Al amor, a la tragedia y a la escritura. Partiendo de una residencia de escritores en un pueblo medieval de Francia perdido entre puentes, la narradora desanda las aventuras del presente y desenvuelve historias de un pasado que encarna o documenta. A cada paso, basculando entre la ambici&#xF3;n de contarlo todo y la epifan&#xED;a ante el relato del otro, surge la necesidad de replantear las formas. Y es que Weiwei, a la par de la narraci&#xF3;n, piensa y repiensa la materia de la escritura, de una escritura original que precede al acto mismo de escribir. Weiwei, de Agostina Luz L&#xF3;pez, es un rompecabezas narrativo, virtuoso, sensible, experimental. Pero tambi&#xE9;n el nombre de una joven taiwanea que cuenta la historia de dos chicas unidas por un flechazo rom&#xE1;ntico: "Una noche toman un vino blanco que compraron por algun lugar de Beijing y Li Mo le dice que ama a la gente de Beijing porque no tiene miedo de nada".</subfield>
  </datafield>
  <datafield tag="590" ind1=" " ind2=" ">
    <subfield code="a">Donacion Fondo Nacional de la Artes</subfield>
  </datafield>
  <datafield tag="655" ind1=" " ind2=" ">
    <subfield code="a">Literatura</subfield>
    <subfield code="9">2917</subfield>
  </datafield>
  <datafield tag="942" ind1=" " ind2=" ">
    <subfield code="2">ddc</subfield>
    <subfield code="c">LIT</subfield>
  </datafield>
  <datafield tag="999" ind1=" " ind2=" ">
    <subfield code="c">2505</subfield>
    <subfield code="d">2505</subfield>
  </datafield>
  <datafield tag="952" ind1=" " ind2=" ">
    <subfield code="0">0</subfield>
    <subfield code="1">0</subfield>
    <subfield code="2">ddc</subfield>
    <subfield code="4">0</subfield>
    <subfield code="7">0</subfield>
    <subfield code="a">BFM</subfield>
    <subfield code="b">BFM</subfield>
    <subfield code="c">CR</subfield>
    <subfield code="d">2017-11-02</subfield>
    <subfield code="l">0</subfield>
    <subfield code="o">863;49;LOP</subfield>
    <subfield code="p">3985</subfield>
    <subfield code="r">2017-11-02</subfield>
    <subfield code="t">Ej. 1</subfield>
    <subfield code="w">2017-11-02</subfield>
    <subfield code="y">LIT</subfield>
    <subfield code="z">Donacion Fondo Nacional de la Artes oct2017</subfield>
  </datafield>
</record>
